The Nautical Almanac for the year 2007 (Record no. 3123)

000 -LEADER
fixed length control field 00368nam a2200133Ia 4500
008 - FIXED-LENGTH DATA ELEMENTS--GENERAL INFORMATION
fixed length control field 200103s9999||||xx |||||||||||||| ||und||
082 ## - DEWEY DECIMAL CLASSIFICATION NUMBER
Classification number Column-4
100 ## - MAIN ENTRY--PERSONAL NAME
Personal name Chief Hydrographer to the Government of India
245 #4 - TITLE STATEMENT
Title The Nautical Almanac for the year 2007
260 ## - PUBLICATION, DISTRIBUTION, ETC. (IMPRINT)
Name of publisher, distributor, etc National Hydrographic Office
Date of publication, distribution, etc 2006
300 ## - PHYSICAL DESCRIPTION
Extent 319, xxxv
942 ## - ADDED ENTRY ELEMENTS (KOHA)
Item type Books
Holdings
Withdrawn status Lost status Source of classification or shelving scheme Damaged status Not for loan Collection code Permanent location Current location Shelving location Date acquired Full call number Barcode Date last seen Koha item type Public note
          Non-fiction IMU-MPC Library IMU-MPC Library General Stacks 2020-01-08 776.81 HYD LBS12690 2025-03-17 Books Column-4
Copyright © 2021 Indian Maritime University, Mumbai Port Campus. All Rights Reserved. Managed & Maintained by Central Library, IMU-Mumbai

webs counters

Powered by Koha